<?xml version="1.0" encoding="UTF-8"?>
<collection xmlns="http://www.loc.gov/MARC21/slim">
    <record>
        <controlfield tag="001">58016</controlfield>
        <controlfield tag="005">20161221124358.0</controlfield>
        <datafield tag="037" ind1=" " ind2=" ">
            <subfield code="a">TAZ-TFG-2016-4921</subfield>
        </datafield>
        <datafield tag="041" ind1=" " ind2=" ">
            <subfield code="a">spa</subfield>
        </datafield>
        <datafield tag="100" ind1="1" ind2=" ">
            <subfield code="a">Pinero Córdova, Rony Moisés</subfield>
        </datafield>
        <datafield tag="242" ind1="0" ind2="0">
            <subfield code="a">Design of 66/12 KV, 10 MVA mobile electrical substation </subfield>
        </datafield>
        <datafield tag="245" ind1="0" ind2="0">
            <subfield code="a">Diseño de subestación eléctrica móvil 66/12 KV, 10 MVA</subfield>
        </datafield>
        <datafield tag="260" ind1=" " ind2=" ">
            <subfield code="a">Zaragoza</subfield>
            <subfield code="b">Universidad de Zaragoza</subfield>
            <subfield code="c">2016</subfield>
        </datafield>
        <datafield tag="506" ind1=" " ind2=" ">
            <subfield code="a">by-nc-sa</subfield>
            <subfield code="b">Creative Commons</subfield>
            <subfield code="c">3.0</subfield>
            <subfield code="u">http://creativecommons.org/licenses/by-nc-sa/3.0/</subfield>
        </datafield>
        <datafield tag="520" ind1=" " ind2=" ">
            <subfield code="a">A diferencia de una subestación eléctrica fija, las subestaciones móviles son ideales para realizar una distribución temporal donde sea necesario, operación de maquinaria móvil, reparaciones y mantenimiento, restauración del servicio donde se haya perdido, incrementar momentáneamente la capacidad de una subestación fija. Una de las principales ventajas es su traslado fócil, ideal y esencial en casos de emergencias como incendios ,inundaciones, etc. Una ventaja adicional es la facilidad del posicionamiento de la subestación en áreas reducidas sin necesidad de ninguna obra civil en sitio o vías de acceso. El objetivo es mostrar de forma detallada la forma de como se determina la solución que mejor se adapte a las necesidades del cliente, como se determina el equipamiento necesario y como se determina cada equipo segun la normativa vigente, las condiciones ambientales y las especificaciones del cliente, tambien se detalla como se asegura el funcionamiento y la seguridad del personal, por ultimo se detalla como se realiza el diseño mecanico y la seleccion de las partes mecanicas necesarias.</subfield>
        </datafield>
        <datafield tag="521" ind1=" " ind2=" ">
            <subfield code="a">Graduado en Ingeniería Mecatrónica</subfield>
        </datafield>
        <datafield tag="540" ind1=" " ind2=" ">
            <subfield code="a">Derechos regulados por licencia Creative Commons</subfield>
        </datafield>
        <datafield tag="700" ind1=" " ind2=" ">
            <subfield code="a">Borque Horna, Carmelo José</subfield>
            <subfield code="e">dir.</subfield>
        </datafield>
        <datafield tag="710" ind1="2" ind2=" ">
            <subfield code="a">Universidad de Zaragoza</subfield>
            <subfield code="b"> </subfield>
            <subfield code="c"></subfield>
        </datafield>
        <datafield tag="856" ind1="0" ind2=" ">
            <subfield code="f">713489@celes.unizar.es</subfield>
        </datafield>
        <datafield tag="856" ind1="4" ind2=" ">
            <subfield code="s">4636671</subfield>
            <subfield code="u">http://zaguan.unizar.es/record/58016/files/TAZ-TFG-2016-4921.pdf</subfield>
            <subfield code="y">Memoria (spa)</subfield>
        </datafield>
        <datafield tag="856" ind1="4" ind2=" ">
            <subfield code="s">49205971</subfield>
            <subfield code="u">http://zaguan.unizar.es/record/58016/files/TAZ-TFG-2016-4921_ANE.pdf</subfield>
            <subfield code="y">Anexos (spa)</subfield>
        </datafield>
        <datafield tag="909" ind1="C" ind2="O">
            <subfield code="o">oai:zaguan.unizar.es:58016</subfield>
            <subfield code="p">driver</subfield>
            <subfield code="p">trabajos-fin-grado</subfield>
        </datafield>
        <datafield tag="950" ind1=" " ind2=" ">
            <subfield code="a"></subfield>
        </datafield>
        <datafield tag="951" ind1=" " ind2=" ">
            <subfield code="a">deposita:2016-12-21</subfield>
        </datafield>
        <datafield tag="980" ind1=" " ind2=" ">
            <subfield code="a">TAZ</subfield>
            <subfield code="b">TFG</subfield>
            <subfield code="c">ALM</subfield>
        </datafield>
    </record>

    
</collection>